Obálka Náhled e-knihy:
PDF Epub
Pro půjčování e-knih musíte být přihlášeni.
Jak si půjčit online?

Mrtvé duše nezpívají /

Jussi Adler-Olsen po deseti případech symbolicky předává otěže svým kolegyním Stine Boltherové a Line Holmové, které od něj tímto románem přebírají oblíbenou severskou krimi sérii a úspěšně na ni navazují.

Uloženo v:
Série:Případy oddělení Q, část 11
Hlavní autor: Adler-Olsen, Jussi, 1950- (Autor)
Další autoři: Holm, Line, 1975- (Autor), Bolther, Stine, 1976- (Autor), Halounová, Lada, 1984- (Autor)
Médium: E-kniha
Jazyk:Czech
Vydáno: Brno : Host, 2026
Vydání:První vydání
Edice:Krimiromán
Témata:
Příbuzné jednotky:Z cyklu:: Případy oddělení Q
Tagy:
Žádné tagy
LEADER 03276cam a2200517 i 4500
001 302657
003 CZ PrSKC
005 20260514063340.0
007 ta
008 260512s2026 xr g 000 f cze d
015 |a cnb003752429 
020 |a 9788027528691  |q (vázáno) 
040 |a BOG001  |b cze  |d BOG001  |d BOG001  |d ABG001  |e rda 
041 1 |a cze  |h dan 
072 7 |a 821.11  |x Germánské literatury  |2 Konspekt 
080 |a 821.113.4-31  |2 MRF 
080 |a (0:82-312.4)  |2 MRF 
100 1 |a Adler-Olsen, Jussi,  |d 1950-  |7 xx0138399  |4 aut 
240 1 0 |a Døde sjæle synger ikke.  |l Česky 
245 1 0 |a Mrtvé duše nezpívají /  |c Jussi Adler Olsen, Line Holmová, Stine Boltherová ; přeložila Lada Halounová 
250 |a První vydání 
264 1 |a Brno :  |b Host,  |c 2026 
300 |a 517 stran ;  |c 21 cm 
336 |a text  |b txt  |2 rdacontent 
337 |a bez média  |b n  |2 rdamedia 
338 |a svazek  |b nc  |2 rdacarrier 
490 1 |a Krimiromán 
500 |a Přeloženo z dánštiny 
520 2 |a Jussi Adler-Olsen po deseti případech symbolicky předává otěže svým kolegyním Stine Boltherové a Line Holmové, které od něj tímto románem přebírají oblíbenou severskou krimi sérii a úspěšně na ni navazují.  |b Carl Morck si chtěl užívat důchod. Pomůže oddělení Q úspěšně vyřešit zlověstný případ? Carl odešel do důchodu, aby se mohl věnovat psaní. Opustil policii i své milované oddělení Q a hledá znovu sám sebe. Jenže pak ho kontaktuje žena, která má u sebe znepokojivou nahrávku, a než se Carl naděje, zase se vrhne do vyšetřování. Vyhledá Rose a Asada, kteří se po jeho odchodu snaží držet oddělení Q při životě a těžce se smiřují s příchodem jeho nástupkyně, která navíc skrývá temné tajemství. Trojice se jako za starých časů nového případu ujme. Na zvukové nahrávce slyší hlas ženy, kterou se před čtyřmi lety pokusil zavraždit její manžel. Muž si následně vzal život a policie případ označila za vyřešený. Na nahrávce se však objevuje třetí neznámá osoba a všechno nasvědčuje tomu, že policie udělala chybu. Nakladatelská anotace. Kráceno. 
655 7 |a dánské romány  |7 fd132169  |2 czenas 
655 7 |a detektivní romány  |7 fd132010  |2 czenas 
655 7 |a thrillery (romány)  |7 fd184206  |2 czenas 
655 9 |a Danish fiction  |2 eczenas 
655 9 |a detective novels  |2 eczenas 
655 9 |a thrillers (novels)  |2 eczenas 
700 1 |a Holm, Line,  |d 1975-  |7 xx0273082  |4 aut 
700 1 |a Bolther, Stine,  |d 1976-  |7 xx0273083  |4 aut 
700 1 |a Halounová, Lada,  |d 1984-  |7 hka2013796464  |4 trl 
710 2 |a Host (vydavatelství)  |7 ko2003163544  |4 pbl 
787 0 8 |i Z cyklu:  |t Případy oddělení Q  |g 11 
830 0 |a Krimiromán 
900 |a ABG001  |b 19 
044 |a xr 
910 |a RBIT002 
998 |d 426547  |a https://core.palmknihy.cz/api/books/426547/cover?te8xkn  |b https://core.palmknihy.cz/api/books/426547/cover/400?te8xkn  |c https://core.palmknihy.cz/api/books/426547/cover/50?te8xkn  |e 2030-12-31  |g 519  |i 9788027528691  |j https://core.palmknihy.cz/api/books/426547/preview.epub  |k https://core.palmknihy.cz/api/books/426547/preview.pdf  |l   |q 49  |r 1  |s https://www.palmknihy.cz/kniha/426547  |t ebook  |y 2026  |z 0  |v Případy oddělení Q  |w 11 
999 |d 302655